Hérault - mort subite - Statistiques

Statistiques générales
  • Ce quiz a été pris 48 fois
  • Le résultat moyen est 10 sur 18
Answers on the Grid
Answers color-coded by a green-red scale on the quiz's grid according to % correct below.
Stade Louis II
Vallegrande
Mbandaka
Narbonne
Agder
Béré
Montpellier
Béziers
Deux équipes qui ont été champions de France
Roulers
Étang de Thau
Une université qui date de 1220
Minerve
Saint-Laurent-du-Maroni
Agde
Saint-Chinian
Trois sites du patrimoine mondial de l'UNESCO
L'Orb
Nampula
Rouen
Montbrison
Balaruc-les-Bains
Castelnau-le-Lez
Denguélé
Lunel
Porlamar
Maraussan
Iseyin
Sète
Araucanie
Catanduanes
Faugères
Settat
Menongue
Olargues
Frontignan
 
Statistiques - réponses
Réponse % Correct
Montpellier
90%
Agde
76%
Béziers
76%
Lunel
76%
Sète
76%
Étang de Thau
72%
Frontignan
69%
Castelnau-le-Lez
66%
Montpellier et Sète Deux équipes qui ont été champions de France
59%
Abbaye de Saint-Guilhem-le-Désert, Canal du Midi, Causses et Cévennes Trois sites du patrimoine mondial de l'UNESCO
59%
Montpellier Une université qui date de 1220
59%
Balaruc-les-Bains
48%
L'Orb
41%
Minerve
38%
Appellation d'origine contrôlée Saint-Chinian
38%
Olargues
34%
Appellation d'origine contrôlée Faugères
24%
Maraussan
24%
Aucun quiz correspondant
Distribution des résultats
% des personnes avec chaque résultat
Percentile par nombre de réponses
Votre historique - résultats
Vous n’avez pas pris ce quiz